000 00298nam a2200121Ia 4500
008 231129s1979||||xx |||||||||||||| ||spa||
082 _a294.5924 R875b
100 _aRoviralta Borrel J.
245 0 _aEl Bhagavad Gita : el canto del senor
260 _c1979
264 _aDiana
942 _2ddc
_cBKS
999 _c10363
_d10363